[Event "15th Unive op"]
[Site "Hoogeveen NED"]
[Date "2011.10.16"]
[Round "3.40"]
[White "Maris, Ivo"]
[Black "Lesman, Francis"]
[Result "1/2-1/2"]
[WhiteElo "1998"]
[BlackElo "2074"]
[EventDate "2011.10.14"]
[PlyCount "81"]

1.e4 c6 2.Nc3 d5 3.Nf3 dxe4 4.Nxe4 Bg4 5.Bc4 e6 6.h3 Bxf3 7.Qxf3 Nd7 8.Qe2
Be7 9.O-O Ngf6 10.f4 Nxe4 11.Qxe4 Nf6 12.Qe2 Qd4+ 13.Kh2 Qe4 14.Qxe4 Nxe4 
15.d3 Nd6 16.Bb3 Bf6 17.c3 h5 18.g3 O-O-O 19.Bc2 Nf5 20.Kg2 g6 21.d4 Kc7 
22.g4 hxg4 23.hxg4 Ne7 24.Be4 Rh4 25.Kg3 Rdh8 26.Bg2 R4h7 27.Bd2 Nc8 28.
Rh1 Bh4+ 29.Kf3 Nd6 30.Ke2 Nc4 31.Be1 Bf6 32.Rxh7 Rxh7 33.b3 Nb6 34.Bd2 
Rh4 35.Kf3 Nd5 36.Kg3 Rh8 37.Rh1 Rxh1 38.Bxh1 b5 39.f5 gxf5 40.gxf5 e5 41.
Bxd5 1/2-1/2

[Event "15th Unive op"]
[Site "Hoogeveen NED"]
[Date "2011.10.16"]
[Round "3.41"]
[White "Henseler, Jorgen"]
[Black "Lee, Kai Jie Edward"]
[Result "1/2-1/2"]
[WhiteElo "2073"]
[BlackElo "2008"]
[EventDate "2011.10.14"]
[PlyCount "77"]

1.d4 d5 2.c4 e6 3.Nc3 Nf6 4.Nf3 c6 5.Bg5 Be7 6.e3 Nbd7 7.Qc2 O-O 8.Rd1 Re8
9.Bd3 h6 10.Bh4 b6 11.O-O Bb7 12.Rfe1 Rc8 13.e4 dxe4 14.Nxe4 Nxe4 15.Bxe7 
Qxe7 16.Bxe4 Nf6 17.c5 Red8 18.b4 Nxe4 19.Qxe4 Rd5 20.Ne5 Rcd8 21.Nc4 bxc5
22.bxc5 Qc7 23.Nd6 Ba6 24.Re3 e5 25.h3 Bc8 26.Red3 exd4 27.Nxc8 Qxc8 28.
Rxd4 Rxd4 29.Rxd4 Rxd4 30.Qxd4 Qe6 31.Qd8+ Kh7 32.Qd3+ g6 33.Qd6 Kg7 34.
Qd4+ Qf6 35.Qe4 a5 36.a4 Qe6 37.Qd4+ Kh7 38.Qd6 Kg7 39.Qd4+ 1/2-1/2

[Event "15th Unive op"]
[Site "Hoogeveen NED"]
[Date "2011.10.16"]
[Round "3.42"]
[White "De Groot, Hendrik"]
[Black "Vinke, Maarten"]
[Result "1/2-1/2"]
[WhiteElo "1953"]
[BlackElo "2032"]
[EventDate "2011.10.14"]
[PlyCount "160"]

1.Nf3 c5 2.g3 Nc6 3.Bg2 d5 4.c4 e6 5.O-O Nf6 6.b3 Be7 7.d3 O-O 8.Bb2 d4 9.
e3 e5 10.exd4 exd4 11.Na3 Bf5 12.Nc2 a5 13.a3 Qc7 14.b4 axb4 15.axb4 Rxa1 
16.Bxa1 b6 17.Re1 Bd6 18.Qd2 h6 19.Nh4 Bh7 20.bxc5 bxc5 21.Bh3 Ne5 22.Bf1 
g5 23.Rxe5 Bxe5 24.Nf3 Ra8 25.Nxg5 hxg5 26.Qxg5+ Kh8 27.f4 Rg8 28.Qxe5 
Qxe5 29.fxe5 Ng4 30.Nxd4 cxd4 31.Bxd4 Rd8 32.Bc3 Ne3 33.Be2 Nf5 34.Kf2 Kg8
35.g4 Nd4 36.Bxd4 Rxd4 37.Ke3 Rd8 38.d4 Kf8 39.d5 Ke7 40.Kd4 Ra8 41.Bf3 
Ra3 42.d6+ Kd7 43.Bd5 Rd3+ 44.Kc5 Re3 45.Bc6+ Kd8 46.Kb6 Rxe5 47.c5 Be4 
48.Bb5 Rg5 49.h3 Rg6 50.Bc4 Rf6 51.g5 Rf4 52.Bb5 Bd5 53.c6 Bxc6 54.Kxc6 
Rh4 55.Kd5 Rxh3 56.Ke5 Rf3 57.Bc6 Rf1 58.Be4 Re1 59.Kd5 Rg1 60.Ke5 Rxg5+ 
61.Kf6 Rg4 62.Bf5 Rf4 63.Ke5 Rf1 64.Kf6 Ke8 65.Ke5 Kf8 66.Kf6 Rf2 67.d7 
Rd2 68.Bg4 Rd6+ 69.Ke5 Ke7 70.Bh3 Ra6 71.Bf5 Rb6 72.Kf4 f6 73.Bh3 Rb4+ 74.
Kf5 Rd4 75.Kg6 Rd3 76.Bg4 Rg3 77.Kf5 Kxd7 78.Kf4+ Rxg4+ 79.Kxg4 Ke6 80.Kf4
f5 1/2-1/2

[Event "15th Unive op"]
[Site "Hoogeveen NED"]
[Date "2011.10.16"]
[Round "3.43"]
[White "Van Foreest, Lucas"]
[Black "Beerdsen, Thomas"]
[Result "0-1"]
[WhiteElo "1918"]
[BlackElo "2019"]
[EventDate "2011.10.14"]
[PlyCount "66"]

1.d4 d5 2.c4 c6 3.Nc3 Nf6 4.Nf3 e6 5.e3 Nbd7 6.Bd3 dxc4 7.Bxc4 b5 8.Bd3 
Bb7 9.O-O a6 10.a3 c5 11.dxc5 Nxc5 12.Bc2 Bd6 13.b4 Nce4 14.Nxe4 Nxe4 15.
Bb2 Ng5 16.Nxg5 Qxg5 17.e4 Rd8 18.Qf3 O-O 19.Qh3 h6 20.g3 Qg6 21.Rfe1 Rc8 
22.Bd3 Rfd8 23.Rad1 Bb8 24.Qf1 Ba7 25.a4 bxa4 26.Bxa6 Rxd1 27.Rxd1 Qxe4 
28.Bxb7 Qxb7 29.b5 Qf3 30.Bd4 Rd8 31.Rd3 Qe4 32.Qd1 Rxd4 33.Rxd4 Qxd4 0-1

[Event "15th Unive op"]
[Site "Hoogeveen NED"]
[Date "2011.10.17"]
[Round "4.1"]
[White "Tiviakov, Sergei"]
[Black "Zherebukh, Yaroslav"]
[Result "1/2-1/2"]
[WhiteElo "2647"]
[BlackElo "2580"]
[EventDate "2011.10.14"]
[PlyCount "27"]

1.e4 e5 2.Nf3 Nc6 3.Bb5 Nf6 4.Qe2 Bc5 5.c3 Qe7 6.d3 O-O 7.Nbd2 a5 8.a4 d6 
9.h3 Nd8 10.d4 Ba7 11.dxe5 dxe5 12.Nb3 Ne6 13.Bc4 Bb6 14.Bd2 1/2-1/2

[Event "15th Unive op"]
[Site "Hoogeveen NED"]
[Date "2011.10.17"]
[Round "4.2"]
[White "Lenderman, Aleksandr"]
[Black "Baklan, Vladimir"]
[Result "1-0"]
[WhiteElo "2562"]
[BlackElo "2617"]
[EventDate "2011.10.14"]
[PlyCount "123"]

1.d4 Nf6 2.c4 e6 3.g3 Bb4+ 4.Bd2 c5 5.Bxb4 cxb4 6.Bg2 O-O 7.Nf3 d6 8.Nbd2 
Qc7 9.Qb3 a5 10.Nf1 e5 11.Ne3 Nc6 12.dxe5 dxe5 13.Nd5 Nxd5 14.cxd5 e4 15.
dxc6 exf3 16.Qxf3 Rb8 17.Qf4 Qxf4 18.gxf4 bxc6 19.Bxc6 Ba6 20.Rc1 Rbc8 21.
Kd2 Rfd8+ 22.Ke3 Rd6 23.Be4 Re8 24.Rc5 g6 25.f3 Rde6 26.Kf2 Kf8 27.f5 Re5 
28.Rxe5 Rxe5 29.fxg6 hxg6 30.Rd1 Bc4 31.b3 Be6 32.Rd8+ Ke7 33.Ra8 Rh5 34.
Kg3 Rc5 35.h4 Rh5 36.Bd3 g5 37.hxg5 Rxg5+ 38.Kf4 Rc5 39.Ke3 Kd6 40.Be4 Kc7
41.Kd4 Rh5 42.Ra6 Bd7 43.Bd5 Bb5 44.Rxa5 Bxe2 45.Rc5+ Kd6 46.Rc6+ Ke7 47.
Rb6 Rh4+ 48.Ke3 Bf1 49.Rb7+ Kd6 50.Bxf7 Kc6 51.Rb8 Kc7 52.Ra8 Bb5 53.Bd5 
Rh5 54.Be4 Rh2 55.Kd4 Kb6 56.Rb8+ Ka5 57.Kc5 Rh5+ 58.Bd5 Ba6 59.Ra8 Rf5 
60.a3 Rxd5+ 61.Kxd5 bxa3 62.Ke5 1-0

[Event "15th Unive op"]
[Site "Hoogeveen NED"]
[Date "2011.10.17"]
[Round "4.3"]
[White "Van Assendelft, Floris"]
[Black "Nyzhnyk, Illya"]
[Result "0-1"]
[WhiteElo "2376"]
[BlackElo "2561"]
[EventDate "2011.10.14"]
[PlyCount "58"]

1.e4 c5 2.Nf3 d6 3.d4 cxd4 4.Nxd4 Nf6 5.Nc3 a6 6.Bg5 Nbd7 7.Bc4 Qb6 8.Bb3 
e6 9.Bxf6 Nxf6 10.f4 Bd7 11.Qd2 Bc6 12.O-O-O Be7 13.Rhe1 O-O 14.e5 dxe5 
15.fxe5 Rad8 16.Qf4 Nd7 17.Nxc6 Qxc6 18.Ne4 Qc7 19.Ng3 Bf6 20.Nh5 Bxe5 21.
Qg5 h6 22.Qg4 Nc5 23.c3 Nxb3+ 24.axb3 g6 25.Kb1 Rxd1+ 26.Rxd1 Rd8 27.Rxd8+
Qxd8 28.Nf4 Qd2 29.Nxe6 Qd7 0-1

[Event "15th Unive op"]
[Site "Hoogeveen NED"]
[Date "2011.10.17"]
[Round "4.4"]
[White "Haslinger, Stewart"]
[Black "Raznikov, Danny"]
[Result "1-0"]
[WhiteElo "2542"]
[BlackElo "2433"]
[EventDate "2011.10.14"]
[PlyCount "137"]

1.e4 c6 2.d4 d5 3.e5 Bf5 4.Nd2 e6 5.Nb3 Nd7 6.Nf3 a6 7.Be3 Rc8 8.Be2 c5 9.
dxc5 Bxc5 10.Nxc5 Nxc5 11.Nd4 Be4 12.O-O Ne7 13.c3 O-O 14.a4 Nd7 15.f3 Nf5
16.Bf2 Nxd4 17.Bxd4 Bg6 18.a5 Qc7 19.f4 Be4 20.Qd2 f6 21.exf6 Nxf6 22.Qe3 
Qf7 23.Ra4 Qg6 24.Qg3 Rf7 25.Rb4 Rc6 26.Qxg6 Bxg6 27.Re1 Be4 28.Bd1 Bf5 
29.Ba4 Rc4 30.Rxc4 dxc4 31.Bd1 Rc7 32.h3 Kf7 33.g4 Bd3 34.Bf3 g6 35.Kf2 
Nd5 36.Kg3 Ne7 37.Re5 Nc6 38.Rc5 Ke7 39.Be5 Rc8 40.h4 Kd7 41.Kf2 Rf8 42.
Ke3 Bf1 43.Be4 Rf7 44.Bd4 Kd6 45.h5 Bd3 46.Rg5 Nxd4 47.cxd4 Bxe4 48.Kxe4 
gxh5 49.Rxh5 Rg7 50.Rh6 Rxg4 51.Rxh7 Rg2 52.Rxb7 Re2+ 53.Kf3 Rd2 54.Ke3 
Rd1 55.Rb6+ Kd5 56.Rxa6 Rd3+ 57.Ke2 Rxd4 58.Kf3 c3 59.bxc3 Rd3+ 60.Kg4 
Rxc3 61.Ra8 Re3 62.a6 Kc6 63.Rb8 Ra3 64.Re8 Kd5 65.Ra8 Ke4 66.a7 Ra5 67.
Re8 Rxa7 68.Rxe6+ Kd5 69.f5 1-0

[Event "15th Unive op"]
[Site "Hoogeveen NED"]
[Date "2011.10.17"]
[Round "4.5"]
[White "Van der Wiel, John"]
[Black "Van Kampen, Robin"]
[Result "0-1"]
[WhiteElo "2459"]
[BlackElo "2529"]
[EventDate "2011.10.14"]
[PlyCount "128"]

1.e4 c5 2.Nf3 d6 3.c3 Nf6 4.h3 g6 5.Bd3 Bg7 6.Bc2 e5 7.d4 exd4 8.cxd4 O-O 
9.Nc3 cxd4 10.Nxd4 d5 11.exd5 Nxd5 12.Nce2 Nb4 13.Bb3 N8c6 14.Be3 Nxd4 15.
Nxd4 Nd5 16.Bxd5 Qxd5 17.O-O b6 18.Qd3 Bb7 19.f3 Rfd8 20.Rfd1 Rd7 21.Rd2 
Rad8 22.Qa3 Qc5 23.b4 Qe7 24.Rad1 a5 25.Nc2 Bf8 26.Qc1 Rxd2 27.Rxd2 Rc8 
28.Bxb6 Bh6 29.bxa5 Rxc2 30.Rxc2 Bxc1 31.Rxc1 Qd6 32.Rc7 Qd5 33.a3 g5 34.
Rc5 Qd1+ 35.Kh2 Qd6+ 36.Kh1 h6 37.Rc7 Qd5 38.Bg1 Ba6 39.Bb6 Qd2 40.Kg1 
Qd1+ 41.Kh2 Qd6+ 42.Kh1 Qxa3 43.Rd7 Kg7 44.Kh2 Qa2 45.Bd4+ Kh7 46.Kg1 Bc4 
47.Rc7 Bd5 48.Rc5 Be6 49.Bf2 Kg6 50.Bd4 Qa3 51.Kh2 h5 52.Bf2 g4 53.hxg4 
hxg4 54.fxg4 Qa2 55.Kg1 Bd5 56.Rb5 Qa1+ 57.Kh2 Qe5+ 58.Bg3 Qh8+ 59.Kg1 
Qd4+ 60.Kh2 Qd2 61.Bf2 f6 62.a6 Be4 63.Rf5 Bxf5 64.gxf5+ Kxf5 0-1

[Event "15th Unive op"]
[Site "Hoogeveen NED"]
[Date "2011.10.17"]
[Round "4.6"]
[White "Svane, Rasmus"]
[Black "Grover, Sahaj"]
[Result "0-1"]
[WhiteElo "2351"]
[BlackElo "2514"]
[EventDate "2011.10.14"]
[PlyCount "116"]

1.d4 e6 2.c4 Nf6 3.Nc3 Bb4 4.Qc2 O-O 5.a3 Bxc3+ 6.Qxc3 d6 7.Nf3 b6 8.Bg5 
Nbd7 9.Nd2 Bb7 10.f3 c5 11.dxc5 bxc5 12.e3 h6 13.Bh4 Qb6 14.Bd3 d5 15.O-O 
a5 16.Rac1 Rfc8 17.Bf2 Ba6 18.b3 Qc6 19.cxd5 Nxd5 20.Qc2 a4 21.Bxa6 Qxa6 
22.Nc4 N5b6 23.Nxb6 Nxb6 24.e4 axb3 25.Qxb3 Nd7 26.Rfd1 Rc7 27.Rc3 c4 28.
Qb4 Rb8 29.Qe7 Qa5 30.Rcc1 Ne5 31.Rd8+ Kh7 32.Qd6 Rxd8 33.Qxd8 Qxa3 34.Rf1
Rd7 35.Qb8 Qa5 36.Bg3 Qc5+ 37.Bf2 Qa5 38.Bg3 Nd3 39.Qc8 Qb6+ 40.Kh1 Qb5 
41.h4 Ra7 42.f4 Ra2 43.f5 Qb2 44.Rg1 Nf2+ 45.Kh2 Nxe4 46.fxe6 Qc3 47.Qc7 
Ra7 48.Qf4 Qxg3+ 49.Qxg3 Nxg3 50.exf7 Rxf7 51.Kxg3 c3 52.Rc1 Rc7 53.Rc2 
Kg6 54.Kf4 Rc4+ 55.Kf3 Kf5 56.g3 h5 57.Ke3 Rc7 58.Kf3 g6 0-1

[Event "15th Unive op"]
[Site "Hoogeveen NED"]
[Date "2011.10.17"]
[Round "4.7"]
[White "Ernst, Sipke"]
[Black "Lorscheid, Gerhard"]
[Result "1-0"]
[WhiteElo "2581"]
[BlackElo "2277"]
[EventDate "2011.10.14"]
[PlyCount "63"]

1.d4 d5 2.c4 c6 3.Nc3 Nf6 4.Nf3 a6 5.g3 e6 6.Bg2 dxc4 7.a4 c5 8.dxc5 Qxd1+
9.Nxd1 Nc6 10.Ne3 Na5 11.Nd2 Bxc5 12.Nexc4 Nxc4 13.Nxc4 Bb4+ 14.Bd2 Bxd2+ 
15.Kxd2 Ke7 16.Rhc1 Rd8+ 17.Ke1 Rb8 18.Nb6 Nd5 19.Bxd5 exd5 20.Rc2 Kf6 21.
Kd2 Be6 22.a5 g5 23.Ra4 Ke5 24.Rb4 Kd6 25.Rc3 h5 26.f3 g4 27.f4 h4 28.Na4 
hxg3 29.hxg3 Bd7 30.Rb6+ Bc6 31.Nc5 Rdc8 32.Nxb7+ 1-0

[Event "15th Unive op"]
[Site "Hoogeveen NED"]
[Date "2011.10.17"]
[Round "4.8"]
[White "Brandenburg, Daan"]
[Black "Nakar, Eylon"]
[Result "1-0"]
[WhiteElo "2522"]
[BlackElo "2268"]
[EventDate "2011.10.14"]
[PlyCount "93"]

1.e4 e6 2.d4 d5 3.Nd2 c5 4.exd5 Qxd5 5.Ngf3 cxd4 6.Bc4 Qd6 7.O-O Nf6 8.Nb3
Nc6 9.Nbxd4 Nxd4 10.Nxd4 a6 11.Re1 Bd7 12.Bg5 Be7 13.Bb3 O-O 14.c3 Rad8 
15.Qf3 Qc5 16.Bxf6 Bxf6 17.Qxb7 Bc8 18.Qe4 Bxd4 19.cxd4 Rxd4 20.Qe3 Bb7 
21.Rac1 Qd6 22.Red1 Rd8 23.Rxd4 Qxd4 24.Qxd4 Rxd4 25.Rc7 Rb4 26.f3 g6 27.
Kf1 a5 28.Ke1 Rb6 29.Kd2 a4 30.Bxa4 Rxb2+ 31.Bc2 Bd5 32.a4 Ra2 33.Rc3 Ra1 
34.Ke3 Kf8 35.Rc7 Ra2 36.Kd4 Ke8 37.Kc3 Ra1 38.Kb4 Rg1 39.a5 Rxg2 40.Ba4+ 
Kd8 41.Rxf7 Rxh2 42.a6 Kc8 43.Kc5 Ra2 44.Bb5 h5 45.Kb6 Kd8 46.Rd7+ Kc8 47.
Re7 1-0

[Event "15th Unive op"]
[Site "Hoogeveen NED"]
[Date "2011.10.17"]
[Round "4.9"]
[White "Van Delft, Merijn"]
[Black "Timmermans, Ivo"]
[Result "1-0"]
[WhiteElo "2413"]
[BlackElo "2247"]
[EventDate "2011.10.14"]
[PlyCount "41"]

1.e4 e5 2.Nf3 Nc6 3.Bb5 a6 4.Ba4 Nf6 5.O-O Nxe4 6.d4 b5 7.Bb3 d5 8.dxe5 
Be6 9.c3 Bc5 10.Qd3 O-O 11.Nbd2 f5 12.exf6 Nxf6 13.a4 Rb8 14.axb5 axb5 15.
Ra6 Bb6 16.Ng5 Ne5 17.Qg3 Qd6 18.Re1 Nfg4 19.Rxb6 Qxb6 20.Ndf3 Rfe8 21.
Nxe6 1-0

[Event "15th Unive op"]
[Site "Hoogeveen NED"]
[Date "2011.10.17"]
[Round "4.10"]
[White "Wagner, Dennis"]
[Black "Okkes, Menno"]
[Result "1-0"]
[WhiteElo "2290"]
[BlackElo "2386"]
[EventDate "2011.10.14"]
[PlyCount "57"]

1.d4 d5 2.c4 e6 3.Nf3 Nf6 4.g3 Bb4+ 5.Bd2 Be7 6.Bg2 O-O 7.O-O c6 8.Bf4 
Nbd7 9.Nc3 dxc4 10.e4 Re8 11.a4 b6 12.Nd2 Ba6 13.Qe2 Bb4 14.Rfd1 Qe7 15.
Nf3 h6 16.h4 Rac8 17.Qc2 Bb7 18.Ne5 Nxe5 19.dxe5 Nd7 20.Na2 c5 21.Qxc4 g5 
22.hxg5 hxg5 23.Rxd7 Qxd7 24.Bxg5 Red8 25.Qe2 Bd2 26.Rd1 Qxa4 27.Qg4 Bxg5 
28.Qxg5+ Kh7 29.Qh4+ 1-0

[Event "15th Unive op"]
[Site "Hoogeveen NED"]
[Date "2011.10.17"]
[Round "4.11"]
[White "Goudriaan, Etienne"]
[Black "Voekler, Bernd"]
[Result "0-1"]
[WhiteElo "2250"]
[BlackElo "2374"]
[EventDate "2011.10.14"]
[PlyCount "104"]

1.d4 Nf6 2.c4 g6 3.Nc3 Bg7 4.e4 d6 5.Nf3 O-O 6.Be2 e5 7.O-O Nc6 8.d5 Ne7 
9.Ne1 Ne8 10.Be3 f5 11.f3 f4 12.Bf2 g5 13.c5 h5 14.a4 Rf7 15.cxd6 cxd6 16.
Nb5 g4 17.fxg4 Nf6 18.gxh5 Nxe4 19.Bd3 Nxf2 20.Rxf2 Nf5 21.Rc1 Ne3 22.Qf3 
Bg4 23.Qe4 Bf5 24.Qb4 Bxd3 25.Nxd3 Bf8 26.Qe4 a6 27.Qg6+ Rg7 28.Qe6+ Kh8 
29.h6 Rh7 30.Nxe5 dxe5 31.Qxe5+ Kg8 32.Qe6+ Kh8 33.Qe5+ Kg8 34.Rxf4 Bxh6 
35.Qe6+ Kh8 36.Qe5+ Rg7 37.Rf6 Ng4 38.Rxh6+ Nxh6 39.Rc7 Qg5 40.Qxg5 Rxg5 
41.Nc3 Rg7 42.Rc4 Re8 43.h3 Nf5 44.g4 Nd6 45.Rb4 Rf7 46.Kg2 Re3 47.Rb6 Ne4
48.Nxe4 Rxe4 49.Rd6 Rxa4 50.Kg3 Rb4 51.g5 Re7 52.Kf3 Kg7 0-1

[Event "15th Unive op"]
[Site "Hoogeveen NED"]
[Date "2011.10.17"]
[Round "4.12"]
[White "Lambrechts, Koen"]
[Black "Van Eijk, Sander"]
[Result "0-1"]
[WhiteElo "2233"]
[BlackElo "2372"]
[EventDate "2011.10.14"]
[PlyCount "148"]

1.e4 c5 2.Nf3 e6 3.d4 cxd4 4.Nxd4 a6 5.Nc3 Qc7 6.Bd3 Nf6 7.O-O Bc5 8.Nb3 
Be7 9.a4 Nc6 10.Be3 b6 11.Kh1 Bb7 12.f3 d6 13.Qe1 Nd7 14.Qf2 O-O 15.Rfd1 
Nb4 16.a5 b5 17.Na2 Nc6 18.Nac1 Nce5 19.Bd4 Rac8 20.c3 d5 21.Qg3 dxe4 22.
Bxe4 Bxe4 23.fxe4 Bd6 24.Nd3 Ng6 25.Qh3 e5 26.Bg1 Nf6 27.Qf3 Qe7 28.Rd2 b4
29.cxb4 Bxb4 30.Rdd1 Rc2 31.Rac1 Rfc8 32.Bc5 R2xc5 33.Nbxc5 Rxc5 34.Nxc5 
Bxc5 35.Qd3 Qa7 36.h3 h5 37.Rc4 h4 38.b4 Bf8 39.Rc6 Nf4 40.Qf3 Bxb4 41.
Rd8+ Bf8 42.Qa3 Ng6 43.Rcc8 Nh7 44.Qd3 Qf2 45.Kh2 Qe1 46.Ra8 Qxa5 47.Rxa6 
Qc7 48.Raa8 Qe7 49.Qa3 Qg5 50.Kg1 Qf4 51.Qd3 Qc1+ 52.Kh2 Qc5 53.Qd5 Qe7 
54.Qd6 Qxd6 55.Rxd6 Ng5 56.Rd7 Nxe4 57.Kg1 Nc5 58.Rc7 Ne6 59.Rb7 Ngf4 60.
Kf1 f6 61.Re8 Ng5 62.Rbb8 Ng6 63.Rb7 Kh7 64.Rc8 Kh6 65.Rc6 Ne4 66.Ke2 Kg5 
67.Kf3 Ng3 68.Rb8 Nf5 69.Ke4 Be7 70.Rc2 Nf4 71.Rg8 Bb4 72.Rb2 Bc5 73.Kf3 
g6 74.Rb5 Nd4+ 0-1

[Event "15th Unive op"]
[Site "Hoogeveen NED"]
[Date "2011.10.17"]
[Round "4.13"]
[White "Willemze, Thomas"]
[Black "Hovenga, Alje"]
[Result "1/2-1/2"]
[WhiteElo "2370"]
[BlackElo "2234"]
[EventDate "2011.10.14"]
[PlyCount "83"]

1.e4 Nc6 2.Nf3 f5 3.exf5 d5 4.Bb5 Bxf5 5.d3 e6 6.Ne5 a6 7.Qh5+ g6 8.Bxc6+ 
bxc6 9.Qe2 h5 10.Nxc6 Qd6 11.Nd4 Bg7 12.Nxf5 gxf5 13.O-O Ne7 14.Re1 e5 15.
c4 c6 16.Nc3 Kf7 17.Qf3 Bf6 18.Ne2 h4 19.c5 Qc7 20.d4 e4 21.Qh3 Rag8 22.
Bf4 Qd7 23.f3 Ng6 24.Bd6 Rh5 25.fxe4 dxe4 26.Qb3+ Kg7 27.Rad1 Rg5 28.Be5 
Qe7 29.Bf4 Rg4 30.Bd6 Qd7 31.h3 Rg5 32.Be5 Bxe5 33.dxe5 Qe7 34.Kh1 Qxe5 
35.Rd7+ Ne7 36.Nf4 Qxf4 37.Rxe7+ Kh6 38.Qf7 R8g7 39.Qf8 Kh7 40.Re8 Rg8 41.
Qf7+ R8g7 42.Qf8 1/2-1/2

[Event "15th Unive op"]
[Site "Hoogeveen NED"]
[Date "2011.10.17"]
[Round "4.14"]
[White "Law, Nicky"]
[Black "De Jong, Migchiel"]
[Result "0-1"]
[WhiteElo "2208"]
[BlackElo "2370"]
[EventDate "2011.10.14"]
[PlyCount "64"]

1.d4 e6 2.c4 Bb4+ 3.Nd2 Nf6 4.Nf3 d5 5.e3 O-O 6.a3 Bxd2+ 7.Qxd2 b6 8.b4 a5
9.b5 c6 10.a4 Bb7 11.Ba3 Re8 12.c5 Ne4 13.Qb2 Nd7 14.Rc1 Rc8 15.bxc6 Bxc6 
16.Ba6 Rb8 17.Bb5 bxc5 18.dxc5 e5 19.O-O Qc7 20.Rc2 Rb7 21.Rd1 Nef6 22.Qa1
Bxb5 23.axb5 Rxb5 24.Bb2 e4 25.c6 exf3 26.cxd7 Qxd7 27.Bxf6 Qg4 28.Kf1 
Qxg2+ 29.Ke1 Qg1+ 30.Kd2 Qxf2+ 31.Kc1 Qxe3+ 32.Rdd2 f2 0-1

[Event "15th Unive op"]
[Site "Hoogeveen NED"]
[Date "2011.10.17"]
[Round "4.15"]
[White "Mellema, Andries"]
[Black "Erwich, Frank"]
[Result "1/2-1/2"]
[WhiteElo "2182"]
[BlackElo "2365"]
[EventDate "2011.10.14"]
[PlyCount "62"]

1.e4 e5 2.Bc4 Nf6 3.d3 c6 4.Nf3 Be7 5.O-O d6 6.Re1 Nbd7 7.c3 Nf8 8.Nbd2 
Ng6 9.Nf1 O-O 10.Bb3 h6 11.Ng3 Re8 12.h3 Qc7 13.Nh2 d5 14.Nh5 Be6 15.Nxf6+
Bxf6 16.Qh5 dxe4 17.dxe4 Bxb3 18.axb3 Qe7 19.b4 a6 20.Ng4 Bg5 21.Bxg5 hxg5
22.g3 Rad8 23.Rad1 Nf8 24.Ne3 g6 25.Qg4 Ne6 26.Kg2 Qf6 27.Nc4 Kg7 28.Na5 
Qe7 29.Nb3 Rxd1 30.Rxd1 Rd8 31.Qe2 Rxd1 1/2-1/2

[Event "15th Unive op"]
[Site "Hoogeveen NED"]
[Date "2011.10.17"]
[Round "4.16"]
[White "Klein, David"]
[Black "Duijker, Rick"]
[Result "1-0"]
[WhiteElo "2359"]
[BlackElo "2214"]
[EventDate "2011.10.14"]
[PlyCount "47"]

1.e4 e5 2.Nf3 Nc6 3.d4 exd4 4.Nxd4 Bc5 5.Nb3 Bb6 6.Nc3 d6 7.Qe2 Be6 8.Be3 
Qf6 9.Nd5 Bxd5 10.exd5 Nce7 11.O-O-O O-O-O 12.h4 Bxe3+ 13.Qxe3 Kb8 14.Na5 
Nc8 15.Bb5 Nge7 16.Rhe1 Qxh4 17.Qb3 Nb6 18.g3 Qh6+ 19.Kb1 Nec8 20.Nxb7 
Kxb7 21.Bc6+ Kb8 22.Qb5 Ne7 23.Qa6 Qc1+ 24.Kxc1 1-0

[Event "15th Unive op"]
[Site "Hoogeveen NED"]
[Date "2011.10.17"]
[Round "4.17"]
[White "Afek, Yochanan"]
[Black "Grant, Jonathan"]
[Result "1/2-1/2"]
[WhiteElo "2299"]
[BlackElo "2209"]
[EventDate "2011.10.14"]
[PlyCount "107"]

1.e4 c6 2.Nc3 d5 3.Qe2 dxe4 4.Nxe4 Bf5 5.d3 e6 6.g4 Bxe4 7.dxe4 Bb4+ 8.c3 
Bc5 9.Bf4 Nd7 10.O-O-O Qb6 11.Nf3 O-O-O 12.Nd2 e5 13.Nc4 Qc7 14.Be3 Ne7 
15.g5 Kb8 16.Bh3 Bxe3+ 17.fxe3 Nc5 18.Bg2 Nc8 19.h4 Nb6 20.Rhf1 Nba4 21.
Rxd8+ Rxd8 22.Rd1 Rxd1+ 23.Qxd1 Nb6 24.Nxb6 axb6 25.b4 Ne6 26.Bh3 Qe7 27.
Qh5 Nf8 28.Qg4 f6 29.gxf6 Qxf6 30.Qf5 Qxf5 31.exf5 Nd7 32.Kd2 Kc7 33.Kd3 
Kd6 34.Bg2 b5 35.c4 bxc4+ 36.Kxc4 b5+ 37.Kd3 Nb6 38.Bf3 Nc8 39.Be4 h6 40.
Ke2 Ne7 41.Kf3 Ng8 42.Bc2 Nf6 43.a3 Nd5 44.Bb3 Nc3 45.Bc2 c5 46.bxc5+ Kxc5
47.Bd3 Nd5 48.Bxb5 Kxb5 49.Ke4 Kc5 50.Kxe5 Nxe3 51.Ke6 h5 52.f6 gxf6 53.
Kxf6 Ng2 54.Kg5 1/2-1/2

[Event "15th Unive op"]
[Site "Hoogeveen NED"]
[Date "2011.10.17"]
[Round "4.18"]
[White "Popilski, Gil"]
[Black "Knol, Geon"]
[Result "1/2-1/2"]
[WhiteElo "2381"]
[BlackElo "2137"]
[EventDate "2011.10.14"]
[PlyCount "147"]

1.d4 c6 2.c4 b5 3.cxb5 cxb5 4.e4 Bb7 5.Bd3 e6 6.Nf3 b4 7.O-O Nf6 8.e5 Nd5 
9.Nbd2 Be7 10.Ne4 f5 11.exf6 Nxf6 12.Neg5 O-O 13.Ne5 Ba6 14.Re1 Bxd3 15.
Qxd3 Qa5 16.Ng4 Qf5 17.Qxf5 exf5 18.Ne3 Ng4 19.Nc4 Bf6 20.Nf3 Nc6 21.h3 
Nh6 22.Bxh6 gxh6 23.d5 Nd4 24.Nxd4 Bxd4 25.Rad1 Bf6 26.b3 a5 27.Nd6 Bg5 
28.Rd4 a4 29.Re2 axb3 30.axb3 Bd8 31.g3 Bb6 32.Rc4 Ra1+ 33.Kg2 Rd1 34.Nc8 
Bd8 35.Re5 Kg7 36.Nd6 Kg6 37.g4 f4 38.Nf5 Bf6 39.Ree4 Rxd5 40.Rxf4 Rb8 41.
Rxb4 Rdb5 42.Rxb5 Rxb5 43.Rf3 h5 44.Ng3 hxg4 45.hxg4 Rb4 46.Kh3 d5 47.Nh5 
Be5 48.Rd3 Rb5 49.f4 Bb2 50.Kh4 d4 51.f5+ Kf7 52.Kg3 Bc3 53.Kf4 Rxb3 54.
Ng3 h6 55.Ne4 Rb4 56.Rh3 Bb2 57.Rh1 Kg7 58.Rd1 Bc3 59.Kf3 Rb2 60.Nc5 Rb5 
61.Ne6+ Kf7 62.Rh1 Re5 63.Rxh6 Re3+ 64.Kf2 Be1+ 65.Kf1 d3 66.Ng5+ Kg8 67.
f6 Bc3 68.f7+ Kf8 69.Rb6 Re1+ 70.Kg2 Rg1+ 71.Kh2 Be5+ 72.Kxg1 Bd4+ 73.Kf1 
Bxb6 74.Ke1 1/2-1/2

[Event "15th Unive op"]
[Site "Hoogeveen NED"]
[Date "2011.10.17"]
[Round "4.19"]
[White "Fehr, Axel"]
[Black "Slingerland, Fred"]
[Result "1/2-1/2"]
[WhiteElo "2163"]
[BlackElo "2379"]
[EventDate "2011.10.14"]
[PlyCount "140"]

1.c4 e5 2.g3 Nf6 3.Bg2 d5 4.cxd5 Nxd5 5.Nf3 Nc6 6.O-O Nb6 7.Nc3 Be7 8.a3 
Be6 9.b4 f6 10.d3 O-O 11.Ne4 Nd4 12.Nxd4 exd4 13.Bb2 Qd7 14.Rc1 c6 15.Nc5 
Bxc5 16.bxc5 Nc8 17.Re1 Rd8 18.Qa4 Ne7 19.Rcd1 h5 20.e3 dxe3 21.fxe3 Bg4 
22.Rd2 Ng6 23.d4 Qc7 24.Qc2 Qf7 25.e4 h4 26.Rf1 hxg3 27.hxg3 Ne7 28.Rdf2 
Be6 29.d5 cxd5 30.Bxf6 Rd7 31.Be5 Qg6 32.Bd6 Rad8 33.exd5 Qxc2 34.Rxc2 
Bxd5 35.Bxe7 Bxg2 36.Re1 Re8 37.Kxg2 Rdxe7 38.Rxe7 Rxe7 39.Kf3 Re6 40.Rb2 
Re7 41.Kf4 Kf7 42.Rc2 Rc7 43.Ke5 Ke7 44.Kd5 Rd7+ 45.Kc4 Kd8 46.Re2 Rc7 47.
Kd5 Rf7 48.Re3 Kd7 49.Re5 Rf6 50.g4 Ra6 51.Re3 Ra4 52.Rf3 Ke7 53.Rb3 b6 
54.Re3+ Kd8 55.c6 Rxg4 56.Rf3 Rg5+ 57.Kd6 Rg6+ 58.Kd5 Rf6 59.Rg3 Rf7 60.
Kd6 a6 61.a4 Rf6+ 62.Kd5 Rf5+ 63.Kd6 Rf7 64.Rg2 Kc8 65.Re2 Rf6+ 66.Kd5 g6 
67.Rh2 Rf5+ 68.Kd6 Rf6+ 69.Kd5 Rf7 70.Kd6 Rf6+ 1/2-1/2

[Event "15th Unive op"]
[Site "Hoogeveen NED"]
[Date "2011.10.17"]
[Round "4.20"]
[White "Bezemer, Arno J"]
[Black "Van Weersel, Arlette"]
[Result "1-0"]
[WhiteElo "2351"]
[BlackElo "2191"]
[EventDate "2011.10.14"]
[PlyCount "63"]

1.e4 e5 2.Nf3 Nc6 3.d4 exd4 4.Nxd4 Bc5 5.Nb3 Bb6 6.Nc3 d6 7.Qe2 Be6 8.Be3 
Qd7 9.O-O-O Ne5 10.h3 Ne7 11.f4 Bc4 12.Qf2 Bxf1 13.fxe5 Bxg2 14.Bxb6 Bxh1 
15.Bxc7 d5 16.Ba5 Qxh3 17.Bb4 Qh6+ 18.Kb1 Bxe4 19.Nc5 Qb6 20.N5xe4 Qxf2 
21.Nxf2 Nc6 22.Bd6 d4 23.Nb5 Kd7 24.Ne4 b6 25.Rf1 Nxe5 26.Bxe5 Rhe8 27.
Rxf7+ Kc6 28.c4 dxc3 29.Nexc3 Rec8 30.Nxa7+ Rxa7 31.Rxa7 b5 32.Rxg7 1-0

[Event "15th Unive op"]
[Site "Hoogeveen NED"]
[Date "2011.10.17"]
[Round "4.21"]
[White "Hummel, Joop"]
[Black "Donchenko, Alexander"]
[Result "0-1"]
[WhiteElo "2004"]
[BlackElo "2304"]
[EventDate "2011.10.14"]
[PlyCount "58"]

1.d4 d5 2.c4 dxc4 3.Nf3 a6 4.g3 b5 5.Bg2 Bb7 6.O-O Nf6 7.a4 e6 8.b3 cxb3 
9.Qxb3 Bd5 10.Qc2 Be7 11.axb5 axb5 12.Rxa8 Bxa8 13.Nc3 c6 14.Bb2 O-O 15.
Ne5 Qb6 16.e3 Nfd7 17.Nd3 Na6 18.Qb3 c5 19.dxc5 Naxc5 20.Nxc5 Nxc5 21.Qd1 
Bxg2 22.Kxg2 Bf6 23.Qb1 h6 24.Ne2 Bxb2 25.Qxb2 b4 26.Rd1 b3 27.Rd4 Na4 28.
Qb1 Qc6+ 29.f3 Rb8 0-1

[Event "15th Unive op"]
[Site "Hoogeveen NED"]
[Date "2011.10.17"]
[Round "4.22"]
[White "Schoorl, Rob"]
[Black "Middelveld, Martine"]
[Result "1-0"]
[WhiteElo "2276"]
[BlackElo "2143"]
[EventDate "2011.10.14"]
[PlyCount "59"]

1.e4 e6 2.d4 d5 3.e5 c5 4.c3 Nc6 5.Nf3 Qb6 6.a3 Nh6 7.b4 cxd4 8.cxd4 Nf5 
9.Bb2 Bd7 10.g4 Nh6 11.Rg1 Rc8 12.Nbd2 Be7 13.Bd3 Nd8 14.Qe2 Ba4 15.Nf1 f6
16.exf6 gxf6 17.Rc1 Kd7 18.Rc5 Ndf7 19.h4 Rhg8 20.Ne3 Bxc5 21.dxc5 Qd8 22.
Bxh7 Rh8 23.Qd3 Kc7 24.g5 Nf5 25.Bxf5 exf5 26.Bxf6 Qe8 27.g6 Nh6 28.Be5+ 
Kd7 29.Qxd5+ Ke7 30.Qd6# 1-0

[Event "15th Unive op"]
[Site "Hoogeveen NED"]
[Date "2011.10.17"]
[Round "4.23"]
[White "Vedder, Richard"]
[Black "Van der Veen, Jan"]
[Result "1-0"]
[WhiteElo "2260"]
[BlackElo "2115"]
[EventDate "2011.10.14"]
[PlyCount "62"]

1.e4 e5 2.Nf3 Nc6 3.Bb5 Nf6 4.O-O Nxe4 5.d4 Be7 6.Re1 Nd6 7.Bxc6 dxc6 8.
dxe5 Nf5 9.Qxd8+ Bxd8 10.Nc3 h6 11.b3 O-O 12.Bb2 Be7 13.Ne2 a5 14.Nf4 g5 
15.Nh5 g4 16.Nd2 Rd8 17.Ne4 Nd4 18.Nef6+ Kh8 19.Rac1 Be6 20.Kf1 c5 21.Re4 
Bf5 22.Rf4 Bxc2 23.Rxd4 cxd4 24.Rxc2 d3 25.Rd2 a4 26.e6 axb3 27.Nd5+ Kh7 
28.Nxe7 Rxa2 29.Nf6+ Kh8 30.Ng6+ Kg7 31.e7 Rda8 1-0